00963nam a2200253 a 450000100100000000500170001000800410002704000250006808200220009310000370011524500810015226000710023330000210030449000130032550000640033850000560040250400310045865000460048965000240053565000540055965000270061371000560064083000130069600000953820251120073732.0090902s1977 dr 000 p spa d aDO-SdBNPbspacBNPHU aRD861.4409bR789p1 aRosario Candelier, Bruno,d1941-10aLo popular y lo oculto en la poesía dominicana /cBruno Rosario Candelier. aSantiago de los Caballeros, República Dominicana :bUCMM,c1977. a372 p. ;c24 cm.1 aEstudios aIncluye datos biográficos del autor en la contracubierta. aIncluye bibliografía y notas al pie de páginas. aBibliografía: p.365-372. 4aPoesía dominicanaxHistoria y crítica 0aEnsayos dominicanos 4aAutores dominicanosxCrítica e interpretación 0aLiteratura dominicana.2 aPontificia Universidad Católica Madre y Maestra  0aEstudios